| 000 | 00921cam a2200277 a 4500 | ||
|---|---|---|---|
| 999 |
_c17777 _d17777 |
||
| 001 | 2248285 | ||
| 005 | 20161129112854.0 | ||
| 008 | 810731s1980 cauacf b 001 0 eng | ||
| 010 | _a 77020321 | ||
| 020 | _a0520036018 | ||
| 040 |
_aDLC _cDLC _dDLC |
||
| 043 |
_ae-it--- _ae-gr--- |
||
| 050 | 0 | 0 |
_aNK7307.3.H53 1980 _b.H53 1980 |
| 082 | 0 | 0 | _219 |
| 100 | 1 | _aHiggins, Reynold Alleyne. | |
| 245 | 1 | 0 |
_aGreek and Roman jewellery / _cReynold Higgins. |
| 250 | _a2nd ed. | ||
| 260 |
_aBerkeley : _bUniversity of California Press, _cc1980. |
||
| 300 |
_axliii, 243 p., [65] p. of plates : _bill., col. port. ; _c24 cm. |
||
| 500 | _aIncludes indexes. | ||
| 504 | _aBibliography: p. 193-230. | ||
| 650 | 0 | _aJewelry, Classical. | |
| 906 |
_a7 _bcbc _corignew _d2 _eocip _f19 _gy-gencatlg |
||
| 942 |
_2lcc _cBOOKS _hNK7307.3.H53 1980 |
||